Historias desconocidas de Chile

Сохранить в:
Библиографические подробности
Главный автор: Portales, Felipe Portales Cifuentes, Felipe (autor)
Формат:
Опубликовано: Santiago, Chile: Catalonia, 2016.
Редактирование:Primera edición
Предметы:
Метки: Добавить метку
Нет меток, Требуется 1-ая метка записи!

MARC

LEADER 00000nam a22000007a 4500
003 CL-VaPUC
005 20230126084906.0
008 220713t2016 ||||| |||| 00| 0 eng d
999 |c 436980  |d 436978 
020 |a 9789563244397 
040 |c Pontificia Universidad Católica de Valparaíso 
082 |2 22  |a 983 POR 2016 
100 1 |a Portales, Felipe  |e autor  |q Portales Cifuentes, Felipe  |9 872791 
245 |a Historias desconocidas de Chile 
250 |a Primera edición 
260 |a Santiago, Chile:  |b Catalonia,  |c 2016. 
300 |a 261 páginas 
500 |a c.1 Donación Familia Prof. Alejandro Guzmán Brito. 
583 |c 20220713  |k Carolina Mena Serrano 
650 |a Historia de Chile  |x Crónicas  |9 872792 
942 |2 ddc  |c BK 
952 |0 0  |1 0  |2 ddc  |4 0  |6 983_000000000000000_POR_2016  |7 0  |9 584715  |a BIBDER  |b BIBDER  |d 2022-07-13  |e Donación  |i 5652164  |o 983 POR 2016  |p 5652164  |r 2023-01-25  |t 1  |w 2022-07-13  |y BK_US  |k AGB